| 000 | 00625nam a22002057a 4500 | ||
|---|---|---|---|
| 005 | 20250425074654.0 | ||
| 008 | 250425b |||||||| |||| 00| 0 eng d | ||
| 020 | _a978-0-451-47529-9 | ||
| 082 | _aFic. W259 2016 | ||
| 100 | _aWard, J. R. | ||
| 245 |
_aThe angels' share: _ba bourbon kings novel / _cJ. R. Ward |
||
| 260 |
_aNew York: _bA Jove Book, _cc2018 |
||
| 300 | _axi, 452p. | ||
| 541 | _e7820 | ||
| 650 | _aFamilies - Kentucky - Fiction | ||
| 650 | _aFamilies - owned business enterprises - Fiction | ||
| 650 | _aUpper-class families - Fiction | ||
| 650 | _aFamily secrets - Fiction | ||
| 650 | _aDomestic fiction | ||
| 999 |
_c2434 _d2434 |
||